| 000 | 01728nam a2200301Ia 4500 | ||
|---|---|---|---|
| 999 |
_c40040 _d40040 |
||
| 001 | 6646 | ||
| 003 | GE_BSU | ||
| 005 | 20191127172443.0 | ||
| 008 | 181216s2006||||ge |||||||||||||| ||ge || | ||
| 020 | _a9994043226 | ||
| 040 | _cGE_BSU | ||
| 041 | _ageo | ||
| 080 | _a821.353.31 + 821.353.1-32 გ-19 | ||
| 100 |
_aგამსახუხდია, კონსტანტინე _95597 |
||
| 245 |
_aთხზულებანი : ათ ტომად : _bტომი მეორე : დიონისოს ღიმილი ; ლანდებთან ლაციცი ; ნოველები / _cკონსტანტინე გამსახურდია ; შემდგ. მანანა არჩვაძე-გამსახურდია ; რედ. ნანა სუხიტაშვილი, ნათელა ჭყოიძე ; მხატვ. გია ცხადაია. |
||
| 264 |
_aთბილისი : _bსაქ.მაცნე, _c2006. |
||
| 300 |
_a506 გვ. ; _c22 სმ. |
||
| 653 | _aთხზულებანი | ||
| 653 | _aდიონისოს ღიმილი | ||
| 653 | _aლანდებთან ლაციცი | ||
| 653 | _aნოველები | ||
| 653 | _aათტომეული | ||
| 700 |
_aარჩვაძე-გამსახურდია, მანანა _eშემდგენელი _91396 |
||
| 700 |
_aსუხიტაშვილი, ნანა _eრედაქტორი _95594 |
||
| 700 |
_aჭყოიძე, ნათელა _eრედაქტორი _91338 |
||
| 700 |
_aცხადაია, გია _eმხატვარი _95598 |
||
| 942 |
_cBK _2udc |
||